Ee Lokam Athiloru Manushyan (Record no. 58149)
[ view plain ]
| 000 -LEADER | |
|---|---|
| fixed length control field | 00394nam a2200145Ia 4500 |
| 008 - FIXED-LENGTH DATA ELEMENTS--GENERAL INFORMATION | |
| fixed length control field | 211109s9999||||xx |||||||||||||| ||und|| |
| 082 ## - DEWEY DECIMAL CLASSIFICATION NUMBER | |
| Classification number | 894.812 |
| Item number | MUK-E |
| 100 ## - MAIN ENTRY--PERSONAL NAME | |
| Personal name | Mukundan, M |
| 245 #0 - TITLE STATEMENT | |
| Title | Ee Lokam Athiloru Manushyan |
| 260 ## - PUBLICATION, DISTRIBUTION, ETC. | |
| Name of publisher, distributor, etc. | National Book Stall |
| Place of publication, distribution, etc. | Kottayam |
| Date of publication, distribution, etc. | 1900 |
| 300 ## - PHYSICAL DESCRIPTION | |
| Extent | 220p. |
| 630 ## - SUBJECT ADDED ENTRY--UNIFORM TITLE | |
| General subdivision | GENERAL STACK |
| 650 ## - SUBJECT ADDED ENTRY--TOPICAL TERM | |
| Topical term or geographic name entry element | Malayalam Literature |
| 942 ## - ADDED ENTRY ELEMENTS (KOHA) | |
| Koha item type | BOOK |
| 650 ## - SUBJECT ADDED ENTRY--TOPICAL TERM | |
| Form subdivision | LiteratureGeneralia |
| Withdrawn status | Lost status | Source of classification or shelving scheme | Damaged status | Not for loan | Home library | Current library | Date acquired | Cost, normal purchase price | Total Checkouts | Full call number | Barcode | Shelving location | Date last seen | Date last checked out | Price effective from | Koha item type |
|---|---|---|---|---|---|---|---|---|---|---|---|---|---|---|---|---|
| Dewey Decimal Classification | SB LIBRARY | SB LIBRARY | 09/11/2021 | 100.00 | 1 | 894.8123 MUK-E | 00041311 | GENERAL STACK | 09/08/2024 | 26/07/2024 | 09/11/2021 | BOOK |